000 00613nam a22002177a 4500
003 koha_MIRAKIL
005 20251230091117.0
008 251230b tur||||| |||| 00| 0 tur d
020 _a9786051713724
040 _aTR-IsEVY
_btur
_cTR-IsEVY
082 _a741.5 CAU/C
100 _aCauvin
245 0 _aCedric :
_bsıcak ve soğuk /
_cCauvin ; resimleyen Laudec.
250 _a2. bs.
260 _aİstanbul:
_bAlfa Basım Yayım,
_c2023.
300 _a47 s. :
_brenkli resimli ;
_c29 cm.
490 0 _aCedric ; 6.
650 _aSanat.
_vÇizgi Roman.
700 1 _aLaudec.
_cresimleyen.
942 _2ddc
_cBK
999 _c23138
_d23138